Yang tersisih

Bibliographic Details
Main Author: Zurul Ain Ahmad
Format: Book
Published: Selangor : Eddiplex Sdn. Bhd , 2015
Series:Siri Novel Meniti Kecemerlangan
Subjects:

MARC

LEADER 00000cam a2200000 7i4500
001 0000054365
005 20151222.0
008 151105
020 |a 9789838808675 
090 0 0 |a JF   |b MAL 
100 0 |a Zurul Ain Ahmad 
245 0 0 |a Yang tersisih   |c Zurul Ain Ahmad 
260 |a Selangor :   |b Eddiplex Sdn. Bhd ,   |c 2015 
490 1 |a Siri Novel Meniti Kecemerlangan 
500 |a Children ages 10-12 years old (pink) 
650 0 |a Malay fiction 
999 |a 0001365842   |b Book   |c Children Collection   |e Cawangan Pontian 
999 |a 0001365843   |b Book   |c Children Collection   |e Cawangan Sri Merlong 
999 |a 0001365844   |b Book   |c Children Collection   |e Cawangan Tmn. Ungku Tun Aminah 
999 |a 0001365846   |b Book   |c Children Collection   |e Cawangan Mersing 
999 |a 0001365847   |b Book   |c Children Collection   |e Cawangan Kota Tinggi 
999 |a 0001365848   |b Book   |c Children Collection   |e Cawangan Bukit Gambir 
999 |a 0001365849   |b Book   |c Children Collection   |e Cawangan Segamat 
999 |a 0001365850   |b Book   |c Children Collection   |e Cawangan Batu Pahat 
999 |a 0001365851   |b Book   |c Children Collection   |e Cawangan Tangkak 
999 |a 0001365852   |b Book   |c Children Collection   |e Cawangan Taman Universiti 
999 |a 0001365854   |b Book   |c Teenagers   |e Cawangan Bandar Tenggara 
999 |a 0001365855   |b Book   |c Children Collection   |e Cawangan Bandar Penawar 
999 |a 0001367061   |b Book   |c Children Collection   |e Cawangan Urban Transformation Centre 
999 |a 0001367062   |b Book   |c Children Collection   |e Perbadanan Perpustakaan Awam Johor